Music Quiz

Random Music or Singers Quiz

Stevie Nicks Charted Songs Quiz Stats

 Plays Quiz not verified by Sporcle

Support Sporcle.
Go Orange.
Score 0/26 Timer 10:00
0 Plays Today
Year Song Title % Correct
1982Edge of Seventeen
93.4%
1983Stand Back
92.9%
1981Leather and Lace (with Don Henley)
91.3%
1981Stop Draggin' My Heart Around (with Tom Petty and the Heartbreakers)
85.7%
1989Rooms on Fire
84.7%
1985Talk to Me
79.6%
1986I Can't Wait
76%
1983If Anyone Falls
73%
1983Nightbird
70.4%
2006Dreams
67.2%
1982After the Glitter Fades
65.8%
1986Has Anyone Ever Written Anything for You
63.8%
2001Sorcerer
63.8%
Year Song Title % Correct
1983Enchanted
58.7%
2001Planets of the Universe
56.6%
1991Sometimes It's a Bitch
55.6%
2011Secret Love
47.4%
1983I Will Run to You (with Tom Petty and the Heartbreakers)
44.4%
2001Every Day
44.4%
2011For What It's Worth
41.8%
1994Maybe Love Will Change Your Mind
40.3%
1983Nothing Ever Changes
39.8%
1989Long Way to Go
36.7%
1986Needles and Pins (with Tom Petty and the Heartbreakers)
28.6%
1984Violet and Blue
25.5%
2014Golden (with Lady Antebellum)
25%

You're not logged in!

Compare scores with friends on all Sporcle quizzes.
OR
Log In

From the Vault

This Day in History: May

by History_Lover

We heard something about May bringing a lot of flowers, but that might have been a rumor.
Remove Ads.
Support Sporcle.
Get the best of Sporcle when you Go Orange. This ad-free experience offers more features, more stats, and more fun while also helping to support Sporcle. Thank you for becoming a member.

Show Comments

Extras

Top Quizzes Today


Score Distribution

Your Account Isn't Verified!

In order to create a playlist on Sporcle, you need to verify the email address you used during registration. Go to your Sporcle Settings to finish the process.

Report this User

Report this user for behavior that violates our Community Guidelines.

Details: